书目信息 |
| 题名: |
湘鄂西英烈业绩永存
|
|
| 作者: | 谢作华 总编 | |
| 分册: | ||
| 出版信息: | 北京 中国展望出版社 1985 |
|
| 页数: | 1册 | |
| 开本: | 25cm | |
| 丛书名: | ||
| 单 册: | ||
| 中图分类: | K878.23 | |
| 科图分类: | ||
| 主题词: | 文物--考古--中国 | |
| 电子资源: | ||
| ISBN: | ||
| 000 | 00701nam0 2200229 45 | |
| 001 | 0185021220 | |
| 005 | 20061116103714.53 | |
| 010 | @dCNY12.50 | |
| 091 | @aCN@b11271.030 | |
| 100 | @a19960416d1985 em y0chiy0121 ea | |
| 101 | 0 | @achi |
| 102 | @aCN@b110000 | |
| 105 | @ay z 010yy | |
| 200 | 10 | @a湘鄂西英烈业绩永存@Axiang e xi ying lie ye ji yong cun@e湘鄂西苏区革命烈士纪念馆落成典礼纪念册@f谢作华总编@Fxie zuo hua zong bian |
| 210 | @a北京@c中国展望出版社@d1985 | |
| 215 | @a1册@c照片@d25cm | |
| 606 | 0 | @a文物@x考古@x中国 |
| 607 | @a湘鄂西革命根据地@x纪念文集 | |
| 690 | @aK878.23@v3 | |
| 701 | 0 | @a谢作华@Axie zuo hua@4总编 |
| 801 | 0 | @aCN@bTSSF@c20061116 |
| 905 | @a10447@dK878.23@e106 | |
| 湘鄂西英烈业绩永存:湘鄂西苏区革命烈士纪念馆落成典礼纪念册/谢作华总编.-北京:中国展望出版社,1985 |
| 1册:照片;25cm |
| ISBN :CNY12.50 |
| ● |
| 相关链接 |
|
|
|
|
正题名:湘鄂西英烈业绩永存
索取号:K878.23/106
 
预约/预借
| 序号 | 登录号 | 条形码 | 馆藏地/架位号 | 状态 | 备注 |
| 1 | 0257864 | 202367866 | 第二样本阅览室/ [索取号:K878.23/106] | 在馆 |